| 000 | 01050nac a22002291i 4500 | ||
|---|---|---|---|
| 003 | EG-ScBUE | ||
| 005 | 20230604101648.0 | ||
| 008 | 100808s2005 sy f 001 0dara d | ||
| 040 |
_aEG-ScBUE _bara _erda _cEG-ScBUE _dEG-ScBUE |
||
| 082 | 0 | 4 |
_a791.430233092 _bس ي م _222 |
| 100 | 1 |
_aسيمان، ميشيل، _eمؤلف. |
|
| 245 | 1 | 0 |
_aجوزيف لوزي : _bنظرة المعلم / _cميشيل سيمان ؛ ترجمة لين معروف. |
| 264 | 1 |
_aدمشق : _bمنشورات وزارة الثقافة، المؤسسة العامة للسينما، _c2005. |
|
| 300 |
_a384 صفحة ؛ _c24 سم. |
||
| 490 | 0 |
_aالفن السابع ؛ _v80 |
|
| 546 | _aالنص باللغة العربية وتم ترجمته من اللغة الإنجليزية. | ||
| 600 | 1 | 7 |
_aلوزي، جوزيف، _d1909-1984 _vمراسلات. _2BUEsh |
| 650 | 7 |
_aالمخرجون السينمائيون _zالولايات المتحدة الأمريكية. _2BUEsh |
|
| 655 | _vReading book | ||
| 700 | 1 |
_aمعروف، لين، _eمترجم. |
|
| 942 |
_cBB _2ddc |
||
| 999 |
_c6409 _d6409 |
||